[Event "25. Copenhagen Open  (Politiken Cup)"]
[Site "Copenhagen"]
[Date "2003.07.19"]
[Round "6"]
[White "Bohlke, Christian"]
[Black "Poulsen, Morten Kjaer"]
[Result "1-0"]
[WhiteElo "2205"]
[BlackElo "2079"]
[PlyCount "137"]
[EventDate "2003.07.14"]
[EventType "swiss"]
[EventRounds "11"]
[EventCountry "DEN"]
[SourceDate "2004.01.01"]

1. e4 e5 2. Nf3 Nc6 3. d4 exd4 4. Nxd4 Nf6 5. Nxc6 bxc6 6. e5 Qe7 7. Qe2 Nd5 8.
c4 Ba6 9. b3 g5 10. g3 Bg7 11. Bb2 O-O-O 12. Nd2 Nb4 13. Kd1 c5 14. Bg2 Bb7 15.
Bxb7+ Kxb7 16. a3 Nc6 17. f4 d6 18. Re1 gxf4 19. gxf4 Qh4 20. Kc2 Qxf4 21. Rf1
Qh6 22. exd6 Qg6+ 23. Ne4 Rhe8 24. Rae1 cxd6 25. Rg1 Bxb2 26. Rxg6 Nd4+ 27.
Kxb2 Nxe2 28. Rxd6 Nf4 29. Rxd8 Rxd8 30. Nxc5+ Kc6 31. Rf1 Rd2+ 32. Kc3 Rxh2
33. Rxf4 Kxc5 34. Rf5+ Kb6 35. Rxf7 a5 36. Rf6+ Kb7 37. Rf3 Ra2 38. Rf7+ Kb6
39. Rxh7 Rg2 40. Rh3 Ra2 41. a4 Rg2 42. Rh6+ Kb7 43. Rh3 Kb6 44. b4 axb4+ 45.
Kxb4 Rb2+ 46. Rb3 Rh2 47. a5+ Kc6 48. a6 Kb6 49. Ra3 Rb2+ 50. Kc3 Rh2 51. c5+
Ka7 52. Kc4 Rh4+ 53. Kb5 Rh1 54. Rd3 Rb1+ 55. Kc6 Rh1 56. Kb5 Rb1+ 57. Kc6 Rh1
58. Kc7 Rh7+ 59. Rd7 Rh1 60. Rd6 Rh7+ 61. Rd7 Rh1 62. Kc8+ Ka8 63. c6 Rh8+ 64.
Rd8 Rh7 65. c7 Ka7 66. Re8 Rh1 67. Kd7 Rh7+ 68. Kd6 Rh6+ 69. Ke5 1-0

[Event "25. Copenhagen Open  (Politiken Cup)"]
[Site "Copenhagen"]
[Date "2003.07.19"]
[Round "6"]
[White "Christensen, Bo Garner"]
[Black "Rasmussen, Karsten"]
[Result "0-1"]
[WhiteElo "2273"]
[BlackElo "2437"]
[PlyCount "80"]
[EventDate "2003.07.14"]
[EventType "swiss"]
[EventRounds "11"]
[EventCountry "DEN"]
[SourceDate "2004.01.01"]

1. c4 e5 2. Nc3 Nc6 3. Nf3 f5 4. e3 e4 5. Nd4 Nxd4 6. exd4 Nf6 7. d3 Bb4 8. Be2
O-O 9. O-O c6 10. c5 d5 11. dxe4 fxe4 12. Bg5 Qe8 13. Rc1 Ba5 14. f3 Qg6 15.
Qd2 Bf5 16. Kh1 Rae8 17. Bf4 Rf7 18. Rg1 e3 19. Qe1 b6 20. Bd6 Nd7 21. Qh4 bxc5
22. dxc5 Bc2 23. Qd4 Bd8 24. Nxd5 cxd5 25. Qxd5 Bf5 26. Bb5 Ba5 27. a3 Bd2 28.
Rcd1 Be6 29. Qd4 Qf5 30. b4 Qd5 31. Qh4 Rf6 32. Bf4 Qd4 33. Bg5 Qxh4 34. Bxh4
Rf4 35. Bg3 Rd4 36. c6 Nb6 37. c7 Bd7 38. Be2 Nd5 39. Ra1 Nf4 40. Ba6 Bc8 0-1

[Event "25. Copenhagen Open  (Politiken Cup)"]
[Site "Copenhagen"]
[Date "2003.07.19"]
[Round "6"]
[White "Christensen, Christoffer"]
[Black "Larsen, Alex"]
[Result "1-0"]
[WhiteElo "1599"]
[BlackElo "1305"]
[PlyCount "57"]
[EventDate "2003.07.14"]
[EventType "swiss"]
[EventRounds "11"]
[EventCountry "DEN"]
[SourceDate "2004.01.01"]

1. e4 e5 2. f4 d5 3. exd5 exf4 4. Nf3 Nf6 5. Bc4 Nxd5 6. Bxd5 Qxd5 7. Nc3 Qa5
8. O-O Bg4 9. Qe2+ Be7 10. Qe4 Qb6+ 11. d4 Nc6 12. Nd5 Bxf3 13. Nxb6 Bxe4 14.
Nxa8 O-O 15. Nxc7 Nxd4 16. Bxf4 Rc8 17. Rae1 Bc5 18. Rxe4 Ne6+ 19. Kh1 Nxc7 20.
Bxc7 Rxc7 21. Re8+ Bf8 22. Rd1 Re7 23. Rxe7 Bxe7 24. Rd7 Bc5 25. Rxb7 g6 26. b4
Bf2 27. c4 Kf8 28. c5 Ke8 29. Rxa7 1-0

[Event "25. Copenhagen Open  (Politiken Cup)"]
[Site "Copenhagen"]
[Date "2003.07.19"]
[Round "6"]
[White "Christensen, Jan N"]
[Black "Harstad, Christian"]
[Result "0-1"]
[WhiteElo "2053"]
[BlackElo "1714"]
[PlyCount "54"]
[EventDate "2003.07.14"]
[EventType "swiss"]
[EventRounds "11"]
[EventCountry "DEN"]
[SourceDate "2004.01.01"]

1. e4 e5 2. Nf3 Nc6 3. Bc4 Nf6 4. Ng5 Bc5 5. Bxf7+ Ke7 6. Bb3 Rf8 7. O-O d6 8.
Nc3 h6 9. Nd5+ Nxd5 10. exd5 Nd4 11. Ne4 Bb6 12. d3 Qe8 13. c3 Nf5 14. Qe2 Qg6
15. Be3 Nh4 16. Ng3 Bg4 17. f3 Bxe3+ 18. Qxe3 Bd7 19. d4 Rae8 20. dxe5 dxe5 21.
Qxe5+ Kd8 22. Qh5 Qb6+ 23. Rf2 g5 24. Rd1 Re3 25. f4 Be8 26. Qg4 Rxf4 27. Rxf4
Re1# 0-1

[Event "25. Copenhagen Open  (Politiken Cup)"]
[Site "Copenhagen"]
[Date "2003.07.19"]
[Round "6"]
[White "Christensen, Janus"]
[Black "Skaanning Pedersen, Kim Henrik"]
[Result "1-0"]
[WhiteElo "1951"]
[BlackElo "2187"]
[PlyCount "45"]
[EventDate "2003.07.14"]
[EventType "swiss"]
[EventRounds "11"]
[EventCountry "DEN"]
[SourceDate "2004.01.01"]

1. e4 c5 2. b3 e5 3. Bb2 d6 4. Bc4 g6 5. f4 Bg7 6. Nf3 Nc6 7. O-O Nh6 8. fxe5
dxe5 9. Nc3 O-O 10. Nd5 Kh8 11. d3 f5 12. exf5 Nxf5 13. Qd2 b5 14. Bxb5 Qxd5
15. c4 Qd6 16. Bxc6 Qxc6 17. Nxe5 Qd6 18. Rae1 Bb7 19. g4 Nh6 20. Qxh6 Rxf1+
21. Rxf1 Bxh6 22. Nf7+ Kg8 23. Nxh6# 1-0

[Event "25. Copenhagen Open  (Politiken Cup)"]
[Site "Copenhagen"]
[Date "2003.07.19"]
[Round "6"]
[White "Christensen, Jens"]
[Black "Nilsson, Jonas"]
[Result "1/2-1/2"]
[WhiteElo "1300"]
[BlackElo "1631"]
[PlyCount "71"]
[EventDate "2003.07.14"]
[EventType "swiss"]
[EventRounds "11"]
[EventCountry "DEN"]
[SourceDate "2004.01.01"]

1. d4 Nf6 2. c4 g6 3. Nc3 d5 4. cxd5 Nxd5 5. e4 Nxc3 6. bxc3 c5 7. Bc4 Bg7 8.
Ne2 cxd4 9. cxd4 O-O 10. O-O Nc6 11. Be3 b6 12. Rc1 Bb7 13. f3 Rc8 14. Qd2 a6
15. Bd5 e6 16. Bxc6 Bxc6 17. Nc3 Qd7 18. Rfd1 Rfd8 19. d5 Bxc3 20. Rxc3 exd5
21. exd5 Ba4 22. Rxc8 Rxc8 23. Rc1 Rxc1+ 24. Qxc1 h5 25. Qd2 Qd6 26. Qd4 Bb5
27. Qxb6 Qxd5 28. Bd4 Qc6 29. Qd8+ Qe8 30. Qxe8+ Bxe8 31. Kf2 Bc6 32. f4 Kf8
33. h4 Ke7 34. Bc5+ Ke6 35. a3 Kf5 36. g3 1/2-1/2

[Event "25. Copenhagen Open  (Politiken Cup)"]
[Site "Copenhagen"]
[Date "2003.07.19"]
[Round "6"]
[White "Christoffersen, Jan"]
[Black "Moller, Frederik Oest"]
[Result "0-1"]
[WhiteElo "1398"]
[BlackElo "1928"]
[PlyCount "70"]
[EventDate "2003.07.14"]
[EventType "swiss"]
[EventRounds "11"]
[EventCountry "DEN"]
[SourceDate "2004.01.01"]

1. e4 c5 2. Nf3 d6 3. d4 cxd4 4. Nxd4 Nf6 5. Nc3 g6 6. h3 Bg7 7. Be3 O-O 8. Bc4
Nc6 9. O-O Bd7 10. a3 Rc8 11. Nxc6 Bxc6 12. Nd5 Nxe4 13. Bd4 Bxd4 14. Qxd4 Bxd5
15. Bxd5 Nf6 16. Bxb7 Rxc2 17. b4 Qc7 18. Bd5 Nxd5 19. Qxd5 Rc8 20. Qd4 Rc4 21.
Qd5 a6 22. Qd3 Qc6 23. Rfe1 e6 24. Reb1 Qb6 25. a4 d5 26. b5 a5 27. Ra2 Qd6 28.
g3 Qb6 29. Rbb2 Rc3 30. Qd2 Rxg3+ 31. Kh2 Rgc3 32. Rc2 R3c4 33. Rxc4 Rxc4 34.
Rc2 Qc7+ 35. f4 Rxc2 0-1

[Event "25. Copenhagen Open  (Politiken Cup)"]
[Site "Copenhagen"]
[Date "2003.07.19"]
[Round "6"]
[White "Cohen, Ronnie"]
[Black "Sander, Rolf"]
[Result "0-1"]
[WhiteElo "1695"]
[BlackElo "2060"]
[PlyCount "108"]
[EventDate "2003.07.14"]
[EventType "swiss"]
[EventRounds "11"]
[EventCountry "DEN"]
[SourceDate "2004.01.01"]

1. d4 d5 2. c4 e6 3. Nc3 c5 4. e3 Nf6 5. Nf3 Nc6 6. Be2 dxc4 7. Bxc4 a6 8. a4
cxd4 9. exd4 Be7 10. O-O O-O 11. Bg5 Nb4 12. Qe2 b6 13. Rfd1 Bb7 14. Rd2 Qc7
15. Ne5 Nfd5 16. Bxe7 Qxe7 17. Nf3 Rfc8 18. Nxd5 Nxd5 19. b3 Nf4 20. Qe3 Qf6
21. Ne1 Qg5 22. g3 Nh3+ 23. Kf1 Qf5 24. Qe5 Qg4 25. Be2 Qg6 26. Rad1 Ng5 27.
Bd3 Qh6 28. f4 Qh3+ 29. Kg1 Nf3+ 30. Nxf3 Bxf3 31. Bf1 Qg4 32. Re1 Rc3 33. d5
Rxb3 34. d6 h5 35. d7 Rd8 36. Qc7 Rxd7 37. Qxd7 Bd5 38. Bd3 g6 39. Re3 Ra3 40.
Qc8+ Kg7 41. Qc1 Rxa4 42. Qb2+ Kh6 43. Rc2 Qd1+ 44. Kf2 Ra1 45. Qxa1 Qxa1 46.
Re1 Qd4+ 47. Ke2 Bf3+ 48. Kd2 Qf2+ 49. Be2 Qxh2 50. Ke3 Bxe2 51. Rexe2 Qxg3+
52. Ke4 Qg4 53. Rg2 Qf5+ 54. Kf3 Qd3+ 0-1

[Event "25. Copenhagen Open  (Politiken Cup)"]
[Site "Copenhagen"]
[Date "2003.07.19"]
[Round "6"]
[White "Dalso, Harry"]
[Black "Nhr, Finn"]
[Result "1-0"]
[WhiteElo "1802"]
[BlackElo "2136"]
[PlyCount "81"]
[EventDate "2003.07.14"]
[EventType "swiss"]
[EventRounds "11"]
[EventCountry "DEN"]
[SourceDate "2004.01.01"]

1. e4 e5 2. Bc4 Nc6 3. Nc3 Nf6 4. d3 Bb4 5. Nge2 d5 6. exd5 Nxd5 7. O-O Be6 8.
Ne4 Be7 9. Bb3 O-O 10. f4 Nxf4 11. Nxf4 Bxb3 12. axb3 exf4 13. Bxf4 Nd4 14. Be3
f5 15. Nc3 c5 16. Kh1 a6 17. Ne2 Ne6 18. Nf4 Nxf4 19. Bxf4 Bd6 20. Ra4 g5 21.
Bd2 Be5 22. Qe2 Qd6 23. Qh5 Qg6 24. Qxg6+ hxg6 25. Bxg5 Bxb2 26. Be7 Rfe8 27.
Bxc5 Re2 28. Rh4 Rc8 29. d4 Rxc2 30. g4 fxg4 31. Rxg4 Rc6 32. Re4 b6 33. Rf8+
Kg7 34. Bb4 a5 35. Be7 Rc1+ 36. Kg2 Rc7 37. Rf2 Rd7 38. Bf6+ Kg8 39. Re8+ Kf7
40. Ree2 Ba3 41. Be7+ 1-0

[Event "25. Copenhagen Open  (Politiken Cup)"]
[Site "Copenhagen"]
[Date "2003.07.19"]
[Round "6"]
[White "De Andres Gonalons, Fernando"]
[Black "Andreasen, Jakup a Rogvi"]
[Result "1-0"]
[WhiteElo "2112"]
[BlackElo "1784"]
[PlyCount "87"]
[EventDate "2003.07.14"]
[EventType "swiss"]
[EventRounds "11"]
[EventCountry "DEN"]
[SourceDate "2004.01.01"]

1. d4 d5 2. c4 e6 3. Nc3 c6 4. Nf3 f5 5. Qb3 Bd6 6. g3 Nf6 7. Bg2 O-O 8. O-O
Kh8 9. Bg5 Nbd7 10. cxd5 exd5 11. Nh4 g6 12. e3 Qe8 13. Rfe1 Qf7 14. Bf4 Be7
15. Nf3 Nh5 16. Bc7 g5 17. Rac1 g4 18. Ne5 Nxe5 19. Bxe5+ Bf6 20. Bd6 Rd8 21.
Bc5 Be6 22. Ne2 Qd7 23. Qc2 Ng7 24. Bf1 Bf7 25. Nf4 Re8 26. Bd3 Bg5 27. Bb4 h5
28. Bd2 h4 29. b4 Rec8 30. Qb1 a6 31. gxh4 Bxh4 32. Kg2 Bg5 33. h3 Bxf4 34.
exf4 gxh3+ 35. Kh2 Rg8 36. Re3 Raf8 37. Rxh3+ Bh5 38. Rg1 Qe8 39. Rg5 Rf6 40.
Qd1 Rh6 41. Be2 Rh7 42. Bxh5 Nxh5 43. Rhxh5 Rg6 44. Qf3 1-0

[Event "25. Copenhagen Open  (Politiken Cup)"]
[Site "Copenhagen"]
[Date "2003.07.19"]
[Round "6"]
[White "Eddy, Samuel"]
[Black "Tuomisto, Keijo"]
[Result "0-1"]
[WhiteElo "2055"]
[BlackElo "1780"]
[PlyCount "80"]
[EventDate "2003.07.14"]
[EventType "swiss"]
[EventRounds "11"]
[EventCountry "DEN"]
[SourceDate "2004.01.01"]

1. Nf3 g6 2. g3 Bg7 3. Bg2 e5 4. d3 Nc6 5. O-O Nge7 6. e4 O-O 7. Nc3 d6 8. Nh4
Nd4 9. Ne2 Nxe2+ 10. Qxe2 Be6 11. f4 Qd7 12. f5 gxf5 13. Qh5 f4 14. Bf3 f5 15.
gxf4 Bf7 16. Qg5 fxe4 17. Bxe4 d5 18. Bf3 e4 19. Bg4 Qd6 20. f5 h6 21. Qe3 Qf6
22. Qg3 Kh7 23. dxe4 dxe4 24. Be3 Nd5 25. Bc5 Rg8 26. Ng6 b6 27. Bf2 Rae8 28.
c4 e3 29. Be1 Qxb2 30. Rd1 e2 31. Bxe2 Rxe2 32. cxd5 Be5 33. Qf3 Bxh2+ 34. Kh1
Bd6 35. Bc3 Rh2+ 36. Kg1 Bc5+ 37. Bd4 Bxg6 38. Rf2 Rxf2 39. Qxf2 Qxf2+ 40. Kxf2
Bxd4+ 0-1

[Event "25. Copenhagen Open  (Politiken Cup)"]
[Site "Copenhagen"]
[Date "2003.07.19"]
[Round "6"]
[White "Edvardsen, Ingar"]
[Black "Taksrud, Vidar"]
[Result "0-1"]
[WhiteElo "1156"]
[BlackElo "1914"]
[PlyCount "102"]
[EventDate "2003.07.14"]
[EventType "swiss"]
[EventRounds "11"]
[EventCountry "DEN"]
[SourceDate "2004.01.01"]

1. e4 d5 2. e5 Bf5 3. f4 e6 4. Nf3 Nd7 5. d4 h5 6. c3 Nh6 7. h3 h4 8. Be3 Be7
9. Bd3 Bxd3 10. Qxd3 Nf5 11. Bf2 c6 12. Nbd2 Qb6 13. Qc2 Nf8 14. Nb3 O-O-O 15.
O-O-O Kb8 16. Ng5 Bxg5 17. fxg5 Rh5 18. Qd2 Rc8 19. Nc5 Qd8 20. Be3 b6 21. Nd3
Nxe3 22. Qxe3 Qxg5 23. Qxg5 Rxg5 24. Rhf1 Rc7 25. Rf2 Ng6 26. Rdf1 Nh8 27. Nf4
Kb7 28. Kb1 c5 29. dxc5 bxc5 30. Ne2 Rxe5 31. Nc1 c4 32. b3 f5 33. Rb2 Kc8 34.
Ne2 cxb3 35. axb3 g5 36. Rc2 Nf7 37. Kb2 Nd6 38. Ra1 Re3 39. Nd4 g4 40. hxg4
fxg4 41. Ra6 Kd7 42. Rf2 e5 43. Ne2 g3 44. Nxg3 hxg3 45. Rf6 Ne4 46. Rh6 Re2+
47. Ka1 Kc8 48. c4 Kb7 49. Ra4 Rf7 50. Rb4+ Kc7 51. Rh1 Nc3 0-1

[Event "25. Copenhagen Open  (Politiken Cup)"]
[Site "Copenhagen"]
[Date "2003.07.19"]
[Round "6"]
[White "Edvardsson, Hannu Kalervo"]
[Black "Larsson, Nicolai"]
[Result "1/2-1/2"]
[WhiteElo "1325"]
[BlackElo "1238"]
[PlyCount "42"]
[EventDate "2003.07.14"]
[EventType "swiss"]
[EventRounds "11"]
[EventCountry "DEN"]
[SourceDate "2004.01.01"]

1. e4 e5 2. c4 c5 3. Nf3 d6 4. Be2 Nc6 5. Nc3 Nf6 6. d3 Bg4 7. Be3 Be7 8. Qd2
Nd4 9. Bxd4 exd4 10. Nd5 Nxd5 11. exd5 O-O 12. O-O Re8 13. Rfe1 Bxf3 14. Bxf3
Bf6 15. Rxe8+ Qxe8 16. Re1 Qd7 17. g3 g6 18. Kg2 Kg7 19. b3 b6 20. h4 a5 21. a4
h5 1/2-1/2

[Event "25. Copenhagen Open  (Politiken Cup)"]
[Site "Copenhagen"]
[Date "2003.07.19"]
[Round "6"]
[White "Egeland, Marte"]
[Black "Gregusson, Magnus Albert"]
[Result "1/2-1/2"]
[WhiteElo "1990"]
[BlackElo "1500"]
[PlyCount "99"]
[EventDate "2003.07.14"]
[EventType "swiss"]
[EventRounds "11"]
[EventCountry "DEN"]
[SourceDate "2004.01.01"]

1. e4 e5 2. Nf3 Nc6 3. d4 exd4 4. Bc4 h6 5. O-O Bc5 6. c3 dxc3 7. Bxf7+ Kxf7 8.
Qd5+ Ke8 9. Qh5+ Kf8 10. Qxc5+ Qe7 11. Qxc3 Nf6 12. e5 Nd5 13. Qc4 Qf7 14. Na3
a6 15. Nc2 Nde7 16. Qe2 b5 17. Nfd4 Ke8 18. f4 Nxd4 19. Nxd4 Nf5 20. Qe4 Nxd4
21. Qxa8 Ke7 22. Qa7 Qd5 23. Qxc7 Qe4 24. e6 Nxe6 25. Qe5 Qxe5 26. fxe5 Bb7 27.
Be3 Rc8 28. Rac1 Rxc1 29. Rxc1 a5 30. Kf2 Kf7 31. Rd1 Bc6 32. g3 Kg6 33. Re1
Kf5 34. a3 a4 35. h3 Be4 36. Rd1 Bc6 37. Bd4 Nxd4 38. Rxd4 Kxe5 39. Ke3 h5 40.
h4 g6 41. Kd3 Bd5 42. Rf4 Bc4+ 43. Kd2 Be6 44. Ke3 d5 45. Rd4 Bf5 46. Rb4 Bd7
47. Kd3 Bf5+ 48. Kc3 Bd7 49. Rd4 Bf5 50. Rb4 1/2-1/2

[Event "25. Copenhagen Open  (Politiken Cup)"]
[Site "Copenhagen"]
[Date "2003.07.19"]
[Round "6"]
[White "Flindt, Thomas"]
[Black "Moller, Arne"]
[Result "1-0"]
[WhiteElo "2134"]
[BlackElo "1975"]
[PlyCount "57"]
[EventDate "2003.07.14"]
[EventType "swiss"]
[EventRounds "11"]
[EventCountry "DEN"]
[SourceDate "2004.01.01"]

1. e4 c5 2. Nf3 d6 3. d4 cxd4 4. Nxd4 Nf6 5. Nc3 g6 6. Be2 Bg7 7. Be3 O-O 8.
Qd2 Nc6 9. Nxc6 bxc6 10. Bh6 Qa5 11. Bxg7 Kxg7 12. O-O Rb8 13. Rab1 Rd8 14.
Rfd1 Be6 15. a3 Rb7 16. b4 Qc7 17. e5 Nd5 18. exd6 exd6 19. Ne4 Bf5 20. Qd4+
Kg8 21. Bd3 Bxe4 22. Bxe4 Nf4 23. Bf3 Ne6 24. Qf6 Rb5 25. Bg4 Re5 26. Re1 Re8
27. Rxe5 dxe5 28. Rd1 h5 29. Bxe6 1-0

[Event "25. Copenhagen Open  (Politiken Cup)"]
[Site "Copenhagen"]
[Date "2003.07.19"]
[Round "6"]
[White "Forsmann, Henning"]
[Black "Larsen, Ulrik"]
[Result "1/2-1/2"]
[WhiteElo "1575"]
[BlackElo "1951"]
[PlyCount "64"]
[EventDate "2003.07.14"]
[EventType "swiss"]
[EventRounds "11"]
[EventCountry "DEN"]
[SourceDate "2004.01.01"]

1. d4 Nf6 2. c4 g6 3. Nc3 Bg7 4. Nf3 O-O 5. e4 d6 6. d5 c5 7. Bd3 e6 8. O-O
exd5 9. cxd5 Bg4 10. h3 Bxf3 11. Qxf3 a6 12. a4 Nbd7 13. Bf4 Qe7 14. Qg3 Ne5
15. Bxe5 dxe5 16. a5 Nh5 17. Qg4 Nf4 18. Bc4 h5 19. Qf3 Rad8 20. Kh2 g5 21. g4
Rd6 22. Rg1 Rf6 23. gxh5 Ne6 24. Qg3 Nd4 25. Rg2 Bh6 26. Rd1 Rf3 27. Qg4 Rf4
28. Qg3 Nf3+ 29. Kh1 Nh4 30. Rgg1 Kh8 31. Be2 Qd6 32. Bg4 f5 1/2-1/2

[Event "25. Copenhagen Open  (Politiken Cup)"]
[Site "Copenhagen"]
[Date "2003.07.19"]
[Round "6"]
[White "Frisk, Hans"]
[Black "Brondum, Eric"]
[Result "1/2-1/2"]
[WhiteElo "1980"]
[BlackElo "2198"]
[PlyCount "57"]
[EventDate "2003.07.14"]
[EventType "swiss"]
[EventRounds "11"]
[EventCountry "DEN"]
[SourceDate "2004.01.01"]

1. e4 c5 2. Nf3 d6 3. d4 cxd4 4. Nxd4 Nf6 5. Nc3 a6 6. f4 Qc7 7. Be2 Nc6 8. Be3
e6 9. O-O Be7 10. Qe1 Nxd4 11. Bxd4 e5 12. fxe5 dxe5 13. Qg3 Bc5 14. Bxc5 Qxc5+
15. Kh1 Kf8 16. Qh4 Be6 17. Rxf6 gxf6 18. Qxf6 Rg8 19. Rf1 Qe7 20. Qxe5 Rxg2
21. Nd5 Bxd5 22. Qxe7+ Kxe7 23. Kxg2 Bxe4+ 24. Bf3 Bxc2 25. Bxb7 Rb8 26. Rf2
Bb3 27. Bxa6 Bxa2 28. Kg3 Rb4 29. Bc8 1/2-1/2

[Event "25. Copenhagen Open  (Politiken Cup)"]
[Site "Copenhagen"]
[Date "2003.07.19"]
[Round "6"]
[White "Gullaksen, Eirik T"]
[Black "Krasenkow, Michal"]
[Result "1/2-1/2"]
[WhiteElo "2359"]
[BlackElo "2585"]
[PlyCount "55"]
[EventDate "2003.07.14"]
[EventType "swiss"]
[EventRounds "11"]
[EventCountry "DEN"]
[SourceDate "2004.01.01"]

1. e4 g6 2. d4 Bg7 3. Nc3 d6 4. Nf3 Nf6 5. h3 c6 6. a4 a5 7. Bc4 O-O 8. Bb3 d5
9. exd5 cxd5 10. O-O b6 11. Re1 Bb7 12. Bf4 Nc6 13. Ne5 Rc8 14. Nxc6 Bxc6 15.
Qd3 e6 16. Be5 Ne4 17. Bxg7 Kxg7 18. Nd1 Nd6 19. Ne3 b5 20. axb5 Bxb5 21. Qd2
Ra8 22. Ng4 a4 23. c3 f5 24. Qh6+ Kg8 25. Rxe6 fxg4 26. Rxg6+ hxg6 27. Qxg6+
Kh8 28. Qh6+ 1/2-1/2

[Event "25. Copenhagen Open  (Politiken Cup)"]
[Site "Copenhagen"]
[Date "2003.07.19"]
[Round "6"]
[White "Hansen, Erik Friberg"]
[Black "Grove, Peter"]
[Result "0-1"]
[WhiteElo "1220"]
[BlackElo "1577"]
[PlyCount "76"]
[EventDate "2003.07.14"]
[EventType "swiss"]
[EventRounds "11"]
[EventCountry "DEN"]
[SourceDate "2004.01.01"]

1. c4 c5 2. Nc3 Nf6 3. Nf3 g6 4. g3 Bg7 5. Bg2 O-O 6. O-O d6 7. d3 Nc6 8. a3
Bg4 9. Qc2 Bxf3 10. Bxf3 Nd4 11. Qd1 Nxf3+ 12. exf3 Qd7 13. Kg2 a6 14. Bd2 b5
15. b4 bxc4 16. dxc4 cxb4 17. axb4 Qc6 18. Qe2 e6 19. Rac1 Nd7 20. Qe4 Rfc8 21.
Qxc6 Rxc6 22. Nd1 Rb8 23. Ne3 Ne5 24. c5 dxc5 25. Rxc5 Rxc5 26. bxc5 Bf8 27.
Ra1 Ra8 28. Ra5 Nc6 29. Ra1 Bxc5 30. Rc1 Bb4 31. Bxb4 Nxb4 32. Nc4 a5 33. Ra1
a4 34. Ne5 a3 35. Nc4 a2 36. Ne3 Ra3 37. f4 Rb3 38. Nc4 Rb1 0-1

[Event "25. Copenhagen Open  (Politiken Cup)"]
[Site "Copenhagen"]
[Date "2003.07.19"]
[Round "6"]
[White "Harestad, Hans Krogh"]
[Black "Auchenberg, Per"]
[Result "1-0"]
[WhiteElo "2249"]
[BlackElo "2075"]
[PlyCount "77"]
[EventDate "2003.07.14"]
[EventType "swiss"]
[EventRounds "11"]
[EventCountry "DEN"]
[SourceDate "2004.01.01"]

1. d4 Nf6 2. c4 e6 3. Nc3 Bb4 4. Qc2 Nc6 5. Nf3 d6 6. a3 Bxc3+ 7. Qxc3 a5 8. b3
O-O 9. g3 Re8 10. Bg2 e5 11. d5 Nb8 12. Bb2 Bg4 13. h3 Bh5 14. Nd2 Nbd7 15. e4
c6 16. O-O cxd5 17. cxd5 Rc8 18. Qe3 Rc2 19. Bc3 Nc5 20. Rfc1 Rxc1+ 21. Rxc1 b6
22. Bf1 Bg6 23. f3 Qd7 24. a4 Rc8 25. Kh2 Qd8 26. Bb5 h5 27. b4 axb4 28. Bxb4
Nfd7 29. Nc4 Nf8 30. Bc6 f5 31. exf5 Bxf5 32. a5 Nd3 33. Nxd6 Nxb4 34. Nxf5
bxa5 35. Qxe5 Rc7 36. d6 Nxc6 37. Rxc6 Rb7 38. Ne7+ Kf7 39. Qf5+ 1-0

[Event "25. Copenhagen Open  (Politiken Cup)"]
[Site "Copenhagen"]
[Date "2003.07.19"]
[Round "6"]
[White "Hartvig, Ove Weiss"]
[Black "Unmack, Christian"]
[Result "1-0"]
[WhiteElo "2295"]
[BlackElo "2085"]
[PlyCount "62"]
[EventDate "2003.07.14"]
[EventType "swiss"]
[EventRounds "11"]
[EventCountry "DEN"]
[SourceDate "2004.01.01"]

1. e4 e6 2. d4 d5 3. Nc3 Bb4 4. e5 c5 5. a3 Bxc3+ 6. bxc3 Ne7 7. Bd3 Qc7 8. Nf3
b6 9. O-O Ba6 10. Bxa6 Nxa6 11. Qd3 Nb8 12. c4 Nbc6 13. cxd5 exd5 14. dxc5 bxc5
15. Rd1 h6 16. c4 d4 17. Nd2 O-O 18. f4 f5 19. exf6 Rxf6 20. Ne4 Rff8 21. Bd2
Ng6 22. Nxc5 Nxf4 23. Qe4 Nh3+ 24. gxh3 Rf2 25. Kxf2 Qxh2+ 26. Kf3 Rf8+ 27. Bf4
Qxh3+ 28. Ke2 Qc3 29. Nd3 Qxc4 30. Rdc1 Rxf4 31. Qe8+ Kh7 1-0

[Event "25. Copenhagen Open  (Politiken Cup)"]
[Site "Copenhagen"]
[Date "2003.07.19"]
[Round "6"]
[White "Hasling, Rolf Hjortkjaer"]
[Black "Bjornes, Leif"]
[Result "1/2-1/2"]
[WhiteElo "2040"]
[BlackElo "1652"]
[PlyCount "53"]
[EventDate "2003.07.14"]
[EventType "swiss"]
[EventRounds "11"]
[EventCountry "DEN"]
[SourceDate "2004.01.01"]

1. e4 c6 2. d4 d5 3. exd5 cxd5 4. Bd3 Nc6 5. c3 Nf6 6. Bf4 Bg4 7. Nf3 e6 8.
Nbd2 Bd6 9. Bxd6 Qxd6 10. h3 Bh5 11. Qa4 O-O 12. O-O Bg6 13. Bxg6 hxg6 14. Rae1
Nd7 15. Ng5 Rab8 16. f4 b5 17. Qd1 b4 18. Qg4 bxc3 19. bxc3 Rfc8 20. Qh4 Nf8
21. Nb3 Ne7 22. Nc5 Nf5 23. Qf2 Qb6 24. g4 Nh6 25. Re2 Rc6 26. Rfe1 Qd8 27. Qg3
1/2-1/2

[Event "25. Copenhagen Open  (Politiken Cup)"]
[Site "Copenhagen"]
[Date "2003.07.19"]
[Round "6"]
[White "Hector, Jonny"]
[Black "Carstensen, Jacob"]
[Result "1-0"]
[WhiteElo "2538"]
[BlackElo "2275"]
[PlyCount "149"]
[EventDate "2003.07.14"]
[EventType "swiss"]
[EventRounds "11"]
[EventCountry "DEN"]
[SourceDate "2004.01.01"]

1. e4 c5 2. Nf3 d6 3. d4 cxd4 4. Nxd4 Nf6 5. Nc3 a6 6. Bg5 e6 7. f4 Qc7 8. Qf3
b5 9. O-O-O b4 10. Nd5 exd5 11. Bxf6 gxf6 12. exd5 Qc5 13. Bd3 Kd8 14. Bf5 Ra7
15. Bxc8 Kxc8 16. Qg4+ Rd7 17. Rhe1 Kb7 18. Re8 Rc7 19. Qf5 Bg7 20. Rxh8 Bxh8
21. Qxh7 Qxd5 22. Qxh8 Qxa2 23. Qh5 Qa1+ 24. Kd2 Qxb2 25. Qd5+ Nc6 26. Ke2 Qc3
27. Nf5 Qxc2+ 28. Rd2 Qc5 29. Nxd6+ Kb6 30. Nc4+ Kb5 31. Nb2 Re7+ 32. Kf3 Qxd5+
33. Rxd5+ Kb6 34. h4 Re1 35. g3 Kc7 36. h5 Rb1 37. Nc4 Rc1 38. Nd2 b3 39. h6
Rh1 40. Nxb3 Rxh6 41. Nc5 a5 42. g4 Rh1 43. Rd7+ Kb6 44. Na4+ Kb5 45. Nc3+ Kc4
46. Rc7 Rh3+ 47. Ke4 Rxc3 48. Rxc6+ Kb4 49. Rb6+ Ka3 50. Rxf6 Rc7 51. Rb6 a4
52. Kf5 Ka2 53. g5 a3 54. Kf6 Ka1 55. f5 Rd7 56. Rb5 Rc7 57. Kg7 Rd7 58. Kg8
Ra7 59. f6 Rd7 60. Rb8 Rd5 61. g6 fxg6 62. f7 Rf5 63. Rb5 Rxb5 64. f8=Q a2 65.
Qf1+ Rb1 66. Qf6+ Rb2 67. Qd4 g5 68. Kh8 g4 69. Kg8 g3 70. Kh8 g2 71. Kg8 g1=Q+
72. Qxg1+ Rb1 73. Qd4+ Rb2 74. Kh8 Kb1 75. Qd1# 1-0

[Event "25. Copenhagen Open  (Politiken Cup)"]
[Site "Copenhagen"]
[Date "2003.07.19"]
[Round "6"]
[White "Hein, Jacob"]
[Black "Auchenberg, Einar"]
[Result "0-1"]
[WhiteElo "1220"]
[BlackElo "1549"]
[PlyCount "94"]
[EventDate "2003.07.14"]
[EventType "swiss"]
[EventRounds "11"]
[EventCountry "DEN"]
[SourceDate "2004.01.01"]

1. d4 Nf6 2. c4 e6 3. Nc3 b6 4. Bg5 h6 5. Bh4 Ba6 6. e4 g5 7. Bg3 Bb4 8. Qa4
Bxc3+ 9. bxc3 Nxe4 10. Ne2 f5 11. Be5 O-O 12. f3 Nd6 13. Ng3 Nf7 14. c5 Bxf1
15. Nxf1 Nxe5 16. dxe5 Nc6 17. Rd1 Qe8 18. f4 bxc5 19. Ng3 Rd8 20. O-O d5 21.
fxg5 hxg5 22. Rde1 f4 23. Ne2 Rf5 24. Nxf4 Nxe5 25. Qxe8+ Rxe8 26. Nxe6 Rxf1+
27. Rxf1 Rxe6 28. Rf5 g4 29. Kf1 d4 30. cxd4 cxd4 31. Ke2 Kg7 32. h3 gxh3 33.
gxh3 Kg6 34. Rf1 c5 35. Rd1 d3+ 36. Ke3 c4 37. Kd4 d2 38. Kd5 Re8 39. Kd4 Kg5
40. a4 Kf4 41. Rf1+ Nf3+ 42. Kc3 Re3+ 43. Kc2 c3 44. h4 Re1 45. Rxe1 dxe1=Q 46.
h5 Ke3 47. h6 Nd4# 0-1